Open Data Biblioteca Nacional de Portugal


República Portuguesa: Ministério da Cultura
Biblioteca Nacional de Portugal

Catálogo da BNP: acesso por Identificadores Unívocos
Registos Bibliográficos associados ao registo de autoridade

Etiqueta de registo: 00000nam 2200025 450
001 2132651
003 http://id.bnportugal.gov.pt/bib/catbnp/2132651
010 ## $a978-989-40-1111-8
021 ## $aPT$b512552/23
100 ## $a20230525d2023 m y0pory01030103ba
101 0# $apor
102 ## $aPT
105 ## $aa z 000yy
106 ## $ar
200 1# $a A cerveja, património de Coimbra e do mundo$fcoord. Carla Barbosa & Pedro Baptista
210 #9 $a[S.l.]$cAlmedina$cPraxis,$d2023
215 ## $a113, [17] p.$cil.$d26 cm
606 ## $aCervejas$xProdução$xHistória$yCoimbra (Portugal)$zSéc. 20-21$2SIPOR$31996641
675 ## $a663.4(469.322)"19/20"(091)$vBN$zpor$31996239
675 ## $a316.72(469.322)"19/20"(091)$vBN$zpor$31996240
702 #1 $93$aBarbosa,$bCarla$4340$31397860
702 #1 $94$aBaptista,$bPedro$4340$31608193
801 #0 $aPT$bBN$gRPC
856 41 $uhttp://rnod.bnportugal.gov.pt/ImagesBN/winlibimg.aspx?skey=&doc=2132651&img=179210&save=true
900 ## $aBIBNAC$d20230609
966 ## $lBN$mFGMON$sS.C. 161786 V.$x1
966 ## $lBN$mFGMON$sS.C. 161786 V.-D$x1
971 ## $carosa$d20230525
972 ## $d20230609$e0$vlrevez$z0
973 ## $canasil$d20230526
974 ## $e0$d20260422$vrsimoes

Etiqueta de registo: 00254nam 2200025 450
001 2280396
003 http://id.bnportugal.gov.pt/bib/catbnp/2280396
010 ## $a978-989-40-2771-3
021 ## $aPT$b548940/25
100 ## $a20260316d2025 m y0pory01030103ba
101 1# $aeng
102 ## $aPT
105 ## $aa z 000yy
106 ## $ar
200 1# $aBeer, heritage of Coimbra and the world$ehistory, health and gastronomy$fcoord. Carla Barbosa, Pedro Baptista$gtransl. Lauren Elstob, Phillipa May Bennett
210 #9 $a[S.l.]$cAlmedina$cPraxis,$dD.L. 2025
215 ## $a113, [17] p.$cil.$d26 cm
606 ## $aCervejas$xProdução$xHistória$yCoimbra (Portugal)$zSéc. 20-21$2SIPOR$31996641
675 ## $a316.72(469.322)"19/20"(091)$vBN$zpor$31996240
675 ## $a663.4(469.322)"19/20"(091)$vBN$zpor$31996239
702 #1 $93$aBarbosa,$bCarla$4340$31397860
702 #1 $94$aBaptista,$bPedro$4340$31608193
702 #1 $aElstob,$b Lauren $4730$31991472
702 #1 $aBennett,$bPhillipa May $4730$31991473
801 #0 $aPT$bBN$gRPC
856 41 $uhttp://rnod.bnportugal.gov.pt/ImagesBN/winlibimg.aspx?skey=&doc=2280396&img=221549&save=true
900 ## $aBIBNAC$d20260427
966 ## $lBN$mFGMON$sS.A. 193691 V.$x1
971 ## $cssilva$d20260316
972 ## $e0$z0$d20260427$vasantos
973 ## $cmlsousa$d20260417
974 ## $e0$d20260422$vrsimoes

OpendataBNP@bnportugal.pt | Mais informação sobre acesso aos dados BNP